000 00474nam a22001817a 4500
999 _c525622
_d525622
003 NUST
005 20190703093823.0
038 _aFaiza
082 _a891.421
_bKAL
100 _aKalandri, Makhmor
_916543
245 _aKahzan di jhatak /
_c Makhmor Kalandri
260 _aD.I. Khan
_bQasir Adbi Form,
_c2001.
300 _a88p. ;
500 _aHard Cover
880 _6100-01\r
_aمخمور قلندری
880 _6245-2\r
_a /خزاں دی جھٹک
942 _2ddc
_cBK